[Event "SV Wattenscheid 1 - SG Porz 2"]
[Site "Oberliga NRW 2017/2018"]
[Date "2018.04.08"]
[Round "8.4"]
[White "Sandkamp, Ralph"]
[Black "Suvorov, Luca"]
[Result "0-1"]
[WhiteElo "2201"]
[BlackElo "2111"]
[PlyCount "60"]
[EventDate "2018.??.??"]
[WhiteTeam "SV Wattenscheid 1"]
[BlackTeam "SG Porz 2"]

1. Nf3 Nf6 2. g3 e6 3. Bg2 d5 4. O-O c5 5. d4 cxd4 6. Nxd4 e5 7. Nb3 Be6 8. Bg5
Nbd7 9. e4 d4 10. f4 h6 11. fxe5 hxg5 12. exf6 Nxf6 13. Nxd4 Bc5 14. c3 Ng4 15.
Qa4+ Ke7 16. h3 Ne3 17. Rf2 Nxg2 18. Rxg2 Rxh3 19. Na3 Qh8 20. Kf2 Rh2 21. Rag1
Rxg2+ 22. Kxg2 Qh3+ 23. Kf2 Rd8 24. Nac2 Qh2+ 25. Rg2 Qh5 26. Ne3 Qg6 27. Qb5
Bxd4 28. Qxb7+ Rd7 29. Qb4+ Kf6 30. e5+ Bxe5 0-1

[Event "SV Wattenscheid 1 - SG Porz 2"]
[Site "Oberliga NRW 2017/2018"]
[Date "2018.04.08"]
[Round "8.5"]
[White "Paulus, Jeffrey"]
[Black "Straeter, Timo"]
[Result "0-1"]
[WhiteElo "1969"]
[BlackElo "2305"]
[PlyCount "72"]
[EventDate "2018.??.??"]
[WhiteTeam "SG Porz 2"]
[BlackTeam "SV Wattenscheid 1"]

1. d4 d5 2. Bf4 Nf6 3. e3 c5 4. Nc3 a6 5. Nf3 cxd4 6. exd4 Nc6 7. Be2 Bf5 8.
O-O e6 9. Ne5 Qb6 10. Nxc6 Qxc6 11. Bd3 Bg6 12. Ne2 Be7 13. Be5 O-O 14. Nf4
Bxd3 15. Nxd3 Rac8 16. c3 Rfd8 17. Bxf6 Bxf6 18. f4 g6 19. g4 Bg7 20. Qf3 f6
21. Rae1 Re8 22. h4 Qd6 23. f5 exf5 24. gxf5 gxf5 25. Qf4 Qxf4 26. Nxf4 Kf7 27.
Nxd5 Re4 28. Ne3 Rce8 29. Ng2 Bh6 30. Rxe4 fxe4 31. Kf2 f5 32. Ke2 Kf6 33. Ne3
Bxe3 34. Kxe3 Rg8 35. d5 Ke5 36. Rd1 Rg2 0-1

[Event "SV Wattenscheid 1 - SG Porz 2"]
[Site "Oberliga NRW 2017/2018"]
[Date "2018.04.08"]
[Round "8.6"]
[White "Hirsch, Stefan"]
[Black "Heedt, Thorsten"]
[Result "1-0"]
[WhiteElo "2139"]
[BlackElo "2004"]
[PlyCount "41"]
[EventDate "2018.??.??"]
[WhiteTeam "SV Wattenscheid 1"]
[BlackTeam "SG Porz 2"]

1. e4 g6 2. d4 Bg7 3. Nc3 c6 4. Be3 Nf6 5. f3 b6 6. Qd2 Ba6 7. Nge2 h5 8. O-O-O
d6 9. g3 Nbd7 10. Kb1 Qc7 11. Bh3 e6 12. Nf4 g5 13. Nd3 g4 14. Bg2 gxf3 15.
Bxf3 O-O-O 16. Bg5 c5 17. dxc5 dxc5 18. Qe3 e5 19. Rhf1 Rde8 20. Be2 b5 21.
Nxc5 1-0

[Event "SV Wattenscheid 1 - SG Porz 2"]
[Site "Oberliga NRW 2017/2018"]
[Date "2018.04.08"]
[Round "8.7"]
[White "Evers, Leo"]
[Black "Schlehoefer, Ralf"]
[Result "0-1"]
[WhiteElo "1997"]
[BlackElo "2216"]
[PlyCount "62"]
[EventDate "2018.??.??"]
[WhiteTeam "SG Porz 2"]
[BlackTeam "SV Wattenscheid 1"]

1. d4 Nf6 2. Bf4 d6 3. Nc3 Bf5 4. f3 Bg6 5. e4 Nbd7 6. Qd2 e5 7. dxe5 dxe5 8.
Be3 Bb4 9. O-O-O Qe7 10. g4 h6 11. Nge2 O-O-O 12. Qe1 Nb6 13. Rxd8+ Rxd8 14.
Bxb6 axb6 15. a3 Bc5 16. Ng3 Bxa3 17. Nb5 Bc5 18. Bd3 c6 19. Nc3 Bb4 20. Nge2
b5 21. h4 Nd7 22. Qg3 Nc5 23. Rd1 f6 24. Na2 Ba5 25. Kb1 Bf7 26. Nec1 Ne6 27.
Qf2 Kc7 28. Nb3 Bb6 29. Qf1 Nf4 30. Nc3 Nxd3 31. Rxd3 Bc4 0-1

[Event "SV Wattenscheid 1 - SG Porz 2"]
[Site "Oberliga NRW 2017/2018"]
[Date "2018.04.08"]
[Round "8.8"]
[White "Schroeder, Wilfried"]
[Black "Kagan, Dennis"]
[Result "1-0"]
[WhiteElo "2166"]
[BlackElo "1964"]
[PlyCount "177"]
[EventDate "2018.??.??"]
[WhiteTeam "SV Wattenscheid 1"]
[BlackTeam "SG Porz 2"]

1. d4 Nf6 2. Nf3 e6 3. c4 b6 4. Nc3 Bb4 5. Qb3 Bxc3+ 6. Qxc3 Ne4 7. Qc2 Bb7 8.
g3 f5 9. Bg2 Nf6 10. O-O Be4 11. Qc3 O-O 12. b3 d6 13. Bh3 Qe8 14. Ng5 Bb7 15.
d5 exd5 16. Bxf5 Kh8 17. Ne6 Rf7 18. Bb2 Nc6 19. cxd5 Nxd5 20. Qd2 Nd8 21. Qh6
Qg8 22. Nxd8 Rxd8 23. Be6 Re8 24. Rad1 Nf6 25. Bxf7 Qxf7 26. Bxf6 gxf6 27. Rd2
Re5 28. Rc1 Re7 29. Rc4 d5 30. Rf4 Re6 31. Rf5 Qe7 32. e3 c5 33. Rfxd5 Bxd5 34.
Rxd5 Rd6 35. Qh5 Qd7 36. Rxd6 Qxd6 37. h4 Qe6 38. Qd1 Kg7 39. Qd8 a6 40. Qc7+
Kg6 41. Kf1 Qh3+ 42. Kg1 Qf5 43. Qxb6 Qb1+ 44. Kg2 Qe4+ 45. Kh2 Qf3 46. Kg1
Qd1+ 47. Kg2 Qd5+ 48. f3 Qd2+ 49. Kh3 Qxe3 50. h5+ Kg7 51. Qb7+ Kh6 52. Qc6 Qe5
53. Qxa6 Qxh5+ 54. Kg2 Qe5 55. Qf1 Qc3 56. Qe2 Kg7 57. g4 Kh6 58. Kf2 Kg7 59.
Qe7+ Kg6 60. Qe4+ Kg7 61. Kg3 Qc1 62. a4 Qc3 63. Qe7+ Kg6 64. Qe6 Kg7 65. Qd5
Qc1 66. Qd7+ Kg6 67. Qd3+ Kg7 68. Kf2 Qb2+ 69. Kg3 Qc1 70. Qd5 Qc3 71. Kf4 Qc1+
72. Kf5 Qc2+ 73. Ke6 Qe2+ 74. Kd6 Qe3 75. Kc6 Qc3 76. f4 Qc1 77. Qd7+ Kh6 78.
Qf5 Kg7 79. g5 fxg5 80. Qe5+ Kf7 81. fxg5 Qc2 82. Qxc5 Qg6+ 83. Kb5 Qb1 84. b4
Kg7 85. Qe5+ Kg8 86. a5 Qf1+ 87. Kb6 Qg1+ 88. Qc5 Qg3 89. Qc8+ 1-0

[Event "Bochumer SV 1 - Bahn-SC Wuppertal 1"]
[Site "Oberliga NRW 2017/2018"]
[Date "2018.04.08"]
[Round "8.1"]
[White "Savchenko, Vyacheslav"]
[Black "Zaitsev, Mikhail"]
[Result "1/2-1/2"]
[WhiteElo "2372"]
[BlackElo "2422"]
[PlyCount "28"]
[EventDate "2018.??.??"]
[WhiteTeam "Bahn-SC Wuppertal 1"]
[BlackTeam "Bochumer SV 1"]

1. e4 e5 2. Nf3 Nf6 3. Nxe5 d6 4. Nf3 Nxe4 5. Nc3 Nf6 6. d4 Be7 7. Bg5 Bf5 8.
Qd2 h6 9. Bf4 Ne4 10. Nxe4 Bxe4 11. O-O-O Nd7 12. Re1 Nf6 13. Bd3 Bxd3 14. Qxd3
Qd7 1/2-1/2

[Event "Bochumer SV 1 - Bahn-SC Wuppertal 1"]
[Site "Oberliga NRW 2017/2018"]
[Date "2018.04.08"]
[Round "8.2"]
[White "Zatonskih, Anna"]
[Black "Biriukov, Nikolai"]
[Result "0-1"]
[WhiteElo "2450"]
[BlackElo "2321"]
[PlyCount "76"]
[EventDate "2018.??.??"]
[WhiteTeam "Bochumer SV 1"]
[BlackTeam "Bahn-SC Wuppertal 1"]

1. d4 Nf6 2. Nf3 g6 3. g3 Bg7 4. Bg2 O-O 5. O-O d6 6. b3 e5 7. dxe5 Ng4 8. Bg5
Qd7 9. Nc3 h6 10. Bd2 Nxe5 11. Nxe5 dxe5 12. e4 c6 13. Kh1 Rd8 14. Be3 Qe7 15.
Qe1 Na6 16. f4 f5 17. Rd1 Rxd1 18. Nxd1 fxe4 19. Bxe4 Bh3 20. Rf2 exf4 21. Bxf4
Kh8 22. Bd2 Re8 23. Re2 Bg4 24. Re3 Bd4 25. Nf2 Bf5 26. Bc3 Bxc3 27. Qxc3+ Kh7
28. g4 Be6 29. Nd3 Bd5 30. Bxd5 Qxe3 31. Bg2 Qg5 32. h3 Re7 33. Qc4 Nc7 34. Nf2
Re1+ 35. Bf1 Qd5+ 36. Kh2 Qe5+ 37. Kh1 Nd5 38. g5 h5 0-1

[Event "Bochumer SV 1 - Bahn-SC Wuppertal 1"]
[Site "Oberliga NRW 2017/2018"]
[Date "2018.04.08"]
[Round "8.3"]
[White "Savchenko, Aleksij"]
[Black "Illner, Achim"]
[Result "0-1"]
[WhiteElo "2260"]
[BlackElo "2445"]
[PlyCount "42"]
[EventDate "2018.??.??"]
[WhiteTeam "Bahn-SC Wuppertal 1"]
[BlackTeam "Bochumer SV 1"]

1. e4 e6 2. d4 d5 3. e5 c5 4. dxc5 Nc6 5. Nf3 Bxc5 6. Bd3 f6 7. Qe2 fxe5 8.
Nxe5 Nxe5 9. Qxe5 Nf6 10. O-O O-O 11. Bg5 Qb6 12. Be3 Bxe3 13. fxe3 Ng4 14.
Rxf8+ Kxf8 15. Qf4+ Kg8 16. Qxg4 Qxe3+ 17. Kf1 Bd7 18. Qf3 Rf8 19. Qxf8+ Kxf8
20. Nc3 g6 21. Re1 Qd4 0-1

[Event "Bochumer SV 1 - Bahn-SC Wuppertal 1"]
[Site "Oberliga NRW 2017/2018"]
[Date "2018.04.08"]
[Round "8.4"]
[White "Heinbuch, Detlef Ulrich"]
[Black "Bashilin, Roman"]
[Result "1-0"]
[WhiteElo "2239"]
[BlackElo "2221"]
[PlyCount "107"]
[EventDate "2018.??.??"]
[WhiteTeam "Bochumer SV 1"]
[BlackTeam "Bahn-SC Wuppertal 1"]

1. c4 e5 2. g3 Nc6 3. Bg2 g6 4. Nc3 Bg7 5. e3 f5 6. Nge2 Nf6 7. d3 O-O 8. O-O
d6 9. Rb1 Be6 10. Nd5 Qd7 11. b4 Rae8 12. b5 Nd8 13. e4 fxe4 14. dxe4 Bh3 15.
f3 Bxg2 16. Kxg2 Ne6 17. Be3 b6 18. Rb3 Qf7 19. Nxf6+ Bxf6 20. Ra3 Ra8 21. Qd2
a5 22. bxa6 Ra7 23. Qd5 Rfa8 24. Nc3 Rxa6 25. Qxa8+ Rxa8 26. Rxa8+ Kg7 27. Ra7
g5 28. Nd5 Bd8 29. h3 Kg6 30. Bxb6 h5 31. Be3 h4 32. g4 Qe8 33. Rc1 Nd4 34. Ra6
c6 35. Nb4 Qf7 36. Bxd4 Qf4 37. Bf2 Qxc1 38. Rxc6 Qd2 39. Nd5 Ba5 40. Rxd6+ Kf7
41. Rd7+ Kf8 42. Ra7 Bc3 43. Nxc3 Qxc3 44. c5 Ke8 45. a4 Kd8 46. a5 Kc8 47. a6
Kb8 48. Rb7+ Ka8 49. Rb6 Qc4 50. Rd6 Ka7 51. Rb6 Qc3 52. c6 Ka8 53. a7 Qb3 54.
Rb8+ 1-0

[Event "Bochumer SV 1 - Bahn-SC Wuppertal 1"]
[Site "Oberliga NRW 2017/2018"]
[Date "2018.04.08"]
[Round "8.5"]
[White "Ries, Benjamin"]
[Black "Wolter, Detlev"]
[Result "1-0"]
[WhiteElo "2198"]
[BlackElo "2223"]
[PlyCount "111"]
[EventDate "2018.??.??"]
[WhiteTeam "Bahn-SC Wuppertal 1"]
[BlackTeam "Bochumer SV 1"]

1. e4 g6 2. d4 Bg7 3. Nf3 d6 4. Bc4 e6 5. Bb3 Nd7 6. O-O h6 7. Re1 Ne7 8. Nbd2
O-O 9. Nf1 b6 10. Ng3 Bb7 11. c3 c5 12. h3 Rc8 13. Nh2 cxd4 14. cxd4 Nc6 15. d5
exd5 16. Bxd5 Nf6 17. Ng4 Nxg4 18. hxg4 Qe7 19. Bf4 Ne5 20. Qd2 Bxd5 21. exd5
Qh4 22. Re4 Nxg4 23. Bxd6 Rfe8 24. Rae1 Rxe4 25. Nxe4 Re8 26. Bg3 Qd8 27. d6
Qd7 28. f3 Ne5 29. Rc1 Qe6 30. Rc7 Nd7 31. Rxa7 Rd8 32. Bh4 g5 33. Bf2 Be5 34.
Nxg5 Qxd6 35. Qxd6 Bxd6 36. Ne4 Be5 37. Bh4 f6 38. b4 Kf7 39. Kf2 Kg6 40. Ke2
Nf8 41. Bf2 f5 42. Nd2 Bc3 43. Nc4 Ne6 44. Bxb6 Nf4+ 45. Ke3 Nd5+ 46. Kd3 Nxb6+
47. Kxc3 Rc8 48. Ra6 Rxc4+ 49. Kb3 Rc6 50. a4 Rd6 51. b5 Kf7 52. a5 Nc8 53.
Rxd6 Nxd6 54. Kb4 Ke7 55. a6 Nc8 56. Kc5 1-0

[Event "Bochumer SV 1 - Bahn-SC Wuppertal 1"]
[Site "Oberliga NRW 2017/2018"]
[Date "2018.04.08"]
[Round "8.6"]
[White "Jellinghaus, Lars"]
[Black "Khanukov, Boris"]
[Result "0-1"]
[WhiteElo "2109"]
[BlackElo "2199"]
[Annotator "Daniel"]
[PlyCount "142"]
[EventDate "2018.??.??"]
[WhiteTeam "Bochumer SV 1"]
[BlackTeam "Bahn-SC Wuppertal 1"]

1. d4 Nf6 2. c4 e6 3. Nc3 d5 4. cxd5 exd5 5. Bg5 Be7 6. e3 c6 7. Bd3 Nbd7 8.
Nf3 O-O 9. O-O Re8 10. Qc2 Nf8 11. Rab1 a5 12. a3 Ne4 13. Bf4 Nxc3 14. Qxc3 Ng6
15. Bg3 Bd6 16. b4 axb4 17. axb4 Bg4 18. Nd2 h5 19. Ra1 Qe7 20. Bxd6 Qxd6 21.
b5 Nh4 22. bxc6 bxc6 23. Rfc1 Rxa1 24. Rxa1 Bf5 25. Bxf5 Nxf5 26. Ra6 Rc8 $11
27. Nf3 f6 28. Ne1 Qe6 29. Nd3 Qe4 30. Ne1 Qb1 31. Ra1 Qe4 32. Nf3 h4 33. h3
Kh7 34. Nd2 Qe6 35. Ra6 Kh6 36. Rb6 g6 37. Nf3 Rc7 38. Qc5 Rc8 39. Qc2 Rc7 40.
Qa4 g5 41. Qa8 Rc8 42. Qb7 Ne7 43. Ra6 Rg8 44. Nh2 Rf8 45. Ng4+ Kg7 46. e4 Qxe4
47. Rxc6 Rf7 48. Rc7 Qe1+ 49. Kh2 Qe6 50. Ne3 Kg6 51. Kg1 f5 52. Kf1 Qe4 53.
Qb4 g4 54. Qd6+ Kg7 55. Rxe7 Qb1+ 56. Ke2 Qb2+ 57. Ke1 Qc3+ 58. Kd1 Qxd4+ 59.
Kc1 Qa1+ 60. Kc2 Qa2+ 61. Kc3 Qa1+ 62. Kb4 Qb2+ 63. Kc5 Qc3+ 64. Kb6 Qd4+ 65.
Kc7 Qa7+ 66. Kd8 Qa8+ 67. Kd7 Qa4+ 68. Kc7 Qa7+ 69. Kc6 Qa6+ 70. Kxd5 Qd3+ 71.
Ke5 Qe4# 0-1

[Event "Bochumer SV 1 - Bahn-SC Wuppertal 1"]
[Site "Oberliga NRW 2017/2018"]
[Date "2018.04.08"]
[Round "8.7"]
[White "Tueckmantel, Rene"]
[Black "Pewny, Uwe"]
[Result "0-1"]
[WhiteElo "2114"]
[BlackElo "2172"]
[PlyCount "124"]
[EventDate "2018.??.??"]
[WhiteTeam "Bahn-SC Wuppertal 1"]
[BlackTeam "Bochumer SV 1"]

1. c4 e5 2. Nc3 Nc6 3. g3 g6 4. Bg2 Bg7 5. e4 d6 6. Nge2 Nge7 7. O-O Be6 8. d3
Qd7 9. Nd5 O-O 10. Bh6 Nxd5 11. Bxg7 Ne3 12. fxe3 Kxg7 13. Nc3 Ne7 14. Nd5 Ng8
15. Qd2 c6 16. Nc3 h5 17. b3 Qe7 18. d4 Rad8 19. Ne2 Bg4 20. Rae1 h4 21. h3
Bxe2 22. Qxe2 hxg3 23. Qg4 Nf6 24. Qxg3 Nh5 25. Qg4 Qd7 26. Rf5 Rh8 27. dxe5
dxe5 28. Rxe5 Qxg4 29. hxg4 Nf6 30. Re7 Rd7 31. Rxd7 Nxd7 32. Bf3 Ne5 33. Kg2
Rh2+ 34. Kg3 Rxa2 35. Re2 Rxe2 36. Bxe2 a5 37. Kf4 f6 38. g5 Nf7 39. gxf6+ Kxf6
40. Bf1 g5+ 41. Kg4 Ke5 42. Bd3 Nd6 43. Kxg5 Nxe4+ 44. Kg6 Nd2 45. Bc2 Nf1 46.
e4 Nd2 47. Kf7 Nxe4 48. Ke7 Nc5 49. Kd8 Kd4 50. Kc7 Kc3 51. Bd1 Nxb3 52. Kxb7
a4 53. Kxc6 a3 54. Bxb3 Kxb3 55. c5 a2 56. Kd7 a1=Q 57. c6 Qd4+ 58. Kc8 Qg4+
59. Kb8 Qg8+ 60. Kb7 Qd5 61. Kb6 Kb4 62. c7 Qa8 0-1

[Event "Bochumer SV 1 - Bahn-SC Wuppertal 1"]
[Site "Oberliga NRW 2017/2018"]
[Date "2018.04.08"]
[Round "8.8"]
[White "Kraemer, Matthias"]
[Black "Savchenko, Daniel"]
[Result "1/2-1/2"]
[WhiteElo "2195"]
[BlackElo "2111"]
[Annotator "Daniel"]
[PlyCount "98"]
[EventDate "2018.??.??"]
[WhiteTeam "Bochumer SV 1"]
[BlackTeam "Bahn-SC Wuppertal 1"]

1. e4 c5 2. b3 Nc6 3. Bb2 d5 4. exd5 Qxd5 5. Nc3 Qd8 6. Bb5 Bd7 7. Nf3 Nf6 8.
O-O e6 9. Bxc6 Bxc6 10. Ne5 Qc7 11. f4 Be7 12. Qe1 Bd6 13. Qe2 a6 14. Rae1
O-O-O 15. Nxc6 Qxc6 16. Ne4 Be7 17. Ng5 Rhf8 18. d3 Nd5 19. Nxh7 Rh8 20. Ng5 c4
21. Qe4 c3 22. Bc1 Qb6+ 23. Kh1 Nf6 24. Qf3 Rdf8 25. Be3 Qc7 26. g3 Nd5 27. Bg1
Qd8 28. Ne4 Qa5 29. a4 Rh6 30. f5 Nc7 31. Bd4 Rfh8 32. Re2 e5 33. Bxc3 Bb4 34.
Bxb4 Qxb4 35. Qg4 Kb8 36. Qxg7 Qd4 37. Qg5 Nd5 38. Qd2 Ne3 39. Qxe3 Rxh2+ 40.
Rxh2 Rxh2+ 41. Kxh2 Qxe3 42. Rf2 Kc7 $11 43. g4 Kd8 44. Kg2 Qh6 45. g5 Qh4 46.
Kf1 Qh1+ 47. Ke2 Qc1 48. Kf3 Qf4+ 49. Kg2 Qg4+ 1/2-1/2

[Event "Oberhausener SV 1 - SF Gerresheim 1"]
[Site "Oberliga NRW 2017/2018"]
[Date "2018.04.08"]
[Round "8.1"]
[White "Orlov, Andrey"]
[Black "Litwak, Aleksej"]
[Result "1-0"]
[WhiteElo "2465"]
[BlackElo "2306"]
[PlyCount "39"]
[EventDate "2018.??.??"]
[WhiteTeam "SF Gerresheim 1"]
[BlackTeam "Oberhausener SV 1"]

1. e4 c5 2. Nf3 e6 3. g3 d5 4. exd5 exd5 5. d4 Nf6 6. Bg2 Qe7+ 7. Be3 Ng4 8.
O-O Nxe3 9. fxe3 Qxe3+ 10. Kh1 Be7 11. Re1 Qh6 12. c4 dxc4 13. Nc3 Qd6 14. Qe2
cxd4 15. Nxd4 O-O 16. Ncb5 Qb6 17. Qxe7 Nc6 18. Qd6 a6 19. Nxc6 bxc6 20. Nc7
1-0

[Event "Oberhausener SV 1 - SF Gerresheim 1"]
[Site "Oberliga NRW 2017/2018"]
[Date "2018.04.08"]
[Round "8.2"]
[White "Becker, Marcel"]
[Black "Stets, Dmitry"]
[Result "1/2-1/2"]
[WhiteElo "2254"]
[BlackElo "2400"]
[PlyCount "81"]
[EventDate "2018.??.??"]
[WhiteTeam "Oberhausener SV 1"]
[BlackTeam "SF Gerresheim 1"]

1. d4 Nf6 2. c4 g6 3. Nc3 Bg7 4. e4 d6 5. Be2 O-O 6. Bg5 h6 7. Be3 c5 8. d5 e6
9. Qd2 exd5 10. exd5 Kh7 11. h3 Re8 12. Nf3 Bf5 13. O-O Ne4 14. Nxe4 Bxe4 15.
Rae1 Bxf3 16. Bxf3 Nd7 17. Kh1 Qh4 18. b3 f5 19. Bf4 Be5 20. Bxe5 Nxe5 21. Bd1
f4 22. Re4 Rf8 23. Rfe1 Rf5 24. b4 b6 25. bxc5 bxc5 26. Qb2 Raf8 27. Rxe5 dxe5
28. Bg4 R5f6 29. Rxe5 Rb6 30. Qa3 Qf6 31. Re1 h5 32. Bf3 Rfb8 33. Qxc5 Rb1 34.
Rxb1 Rxb1+ 35. Kh2 Kh6 36. Qc7 Qd4 37. c5 Rb2 38. Qe7 Rxf2 39. h4 Rf1 40. Qf8+
Kh7 41. Qf7+ 1/2-1/2

[Event "Oberhausener SV 1 - SF Gerresheim 1"]
[Site "Oberliga NRW 2017/2018"]
[Date "2018.04.08"]
[Round "8.3"]
[White "Bogdanov, Egor"]
[Black "Stillger, Bernhard"]
[Result "1-0"]
[WhiteElo "2326"]
[BlackElo "2269"]
[PlyCount "115"]
[EventDate "2018.??.??"]
[WhiteTeam "SF Gerresheim 1"]
[BlackTeam "Oberhausener SV 1"]

1. e4 e6 2. d4 d5 3. Nc3 Nc6 4. Nf3 Nf6 5. e5 Ne4 6. Bd3 Bb4 7. Bd2 Nxd2 8.
Qxd2 O-O 9. O-O f6 10. Bb5 Bd7 11. Bxc6 Bxc6 12. a3 Be7 13. exf6 Rxf6 14. Ne5
Be8 15. Rfe1 c5 16. Ne2 Bd6 17. c3 Bxe5 18. dxe5 Rf7 19. Qe3 b6 20. Nf4 Qe7 21.
Qg3 Rf5 22. Qg4 Bc6 23. g3 Raf8 24. h4 Qf7 25. Re2 h5 26. Qh3 Rxf4 27. gxf4
Qg6+ 28. Qg3 Qf5 29. Kh2 Qxf4 30. Rg1 Rf7 31. Qxf4 Rxf4 32. Kh3 d4 33. cxd4
cxd4 34. Rd2 Be4 35. Rg5 g6 36. Rxd4 Bf5+ 37. Rxf5 Rxd4 38. Rf6 Kg7 39. Rxe6
Rf4 40. Kg3 Rg4+ 41. Kf3 Rxh4 42. Re7+ Kh6 43. e6 Rh1 44. Ke2 Rc1 45. Rxa7 Rc6
46. e7 Re6+ 47. Kf3 h4 48. Rb7 Kg5 49. a4 Kf5 50. b4 g5 51. a5 g4+ 52. Kg2 bxa5
53. bxa5 Kf4 54. a6 h3+ 55. Kf1 g3 56. fxg3+ Kg4 57. Rb4+ Kxg3 58. Rb3+ 1-0

[Event "Oberhausener SV 1 - SF Gerresheim 1"]
[Site "Oberliga NRW 2017/2018"]
[Date "2018.04.08"]
[Round "8.4"]
[White "Kaufeld, Juergen"]
[Black "Volkov, Mykyta"]
[Result "1/2-1/2"]
[WhiteElo "2226"]
[BlackElo "2192"]
[PlyCount "55"]
[EventDate "2018.??.??"]
[WhiteTeam "Oberhausener SV 1"]
[BlackTeam "SF Gerresheim 1"]

1. d4 e6 2. c4 Nf6 3. g3 d5 4. Bg2 Be7 5. Nf3 O-O 6. O-O dxc4 7. Qc2 a6 8. a4
Bd7 9. Rd1 Bc6 10. Nc3 Bxf3 11. Bxf3 Nc6 12. Bxc6 bxc6 13. a5 Rb8 14. Bg5 Rb4
15. Na2 Rb5 16. Bxf6 gxf6 17. Qxc4 Rxb2 18. Qxc6 Qd6 19. Qf3 f5 20. Nc1 Rb5 21.
e3 Qd5 22. Qxd5 Rxd5 23. Nd3 c5 24. Nxc5 Bxc5 25. dxc5 Rxc5 26. Rd6 Ra8 27. Ra2
Ra7 28. Kf1 1/2-1/2

[Event "Oberhausener SV 1 - SF Gerresheim 1"]
[Site "Oberliga NRW 2017/2018"]
[Date "2018.04.08"]
[Round "8.5"]
[White "Dresen, Ulrich"]
[Black "Kummerow, Heiko"]
[Result "1/2-1/2"]
[WhiteElo "2195"]
[BlackElo "2202"]
[PlyCount "98"]
[EventDate "2018.??.??"]
[WhiteTeam "SF Gerresheim 1"]
[BlackTeam "Oberhausener SV 1"]

1. d4 Nf6 2. Bg5 Ne4 3. Bf4 c5 4. f3 Qa5+ 5. c3 Nf6 6. d5 g6 7. e4 d6 8. Na3
Nbd7 9. Nc4 Qc7 10. a4 Bg7 11. Nh3 O-O 12. Nf2 Nb6 13. Na3 Bd7 14. Nb5 Bxb5 15.
Bxb5 c4 16. a5 Nbd7 17. Qa4 Nc5 18. Qxc4 a6 19. Ba4 b5 20. axb6 Qxb6 21. Ra2
Nxa4 22. Qxa4 Nh5 23. Bd2 f5 24. O-O Nf6 25. Re1 fxe4 26. Be3 Qb7 27. fxe4 Rfc8
28. Qc2 Nd7 29. Nd3 Rc4 30. Ra4 Qb5 31. Rea1 Rac8 32. Ra5 Qb8 33. R5a4 Qb5 34.
Ra5 Qb8 35. Nf2 Rb4 36. Nd1 Nf6 37. Rxa6 Rxe4 38. Rb6 Qc7 39. Rc6 Qd7 40. Ra7
Qf5 41. Qf2 Qg4 42. Qf3 Rf8 43. h3 Qh4 44. g3 Qh5 45. Qxh5 Nxh5 46. Kg2 Bh6 47.
Bxh6 Re2+ 48. Kg1 Re1+ 49. Kg2 Re2+ 1/2-1/2

[Event "Oberhausener SV 1 - SF Gerresheim 1"]
[Site "Oberliga NRW 2017/2018"]
[Date "2018.04.08"]
[Round "8.6"]
[White "Ciornei, Dragos"]
[Black "Van Lanen, Toon"]
[Result "1/2-1/2"]
[WhiteElo "2054"]
[BlackElo "2084"]
[PlyCount "51"]
[EventDate "2018.??.??"]
[WhiteTeam "Oberhausener SV 1"]
[BlackTeam "SF Gerresheim 1"]

1. e4 c5 2. Nf3 Nc6 3. d4 cxd4 4. Nxd4 e5 5. Nb5 d6 6. N1c3 a6 7. Na3 b5 8. Nd5
Nge7 9. c4 Nd4 10. Bd3 Nxd5 11. exd5 g6 12. cxb5 Bg7 13. O-O O-O 14. bxa6 Bxa6
15. Bxa6 Rxa6 16. Nc2 Nxc2 17. Qxc2 Qa8 18. a4 Rc8 19. Qb3 e4 20. Rd1 f5 21.
Ra2 Be5 22. g3 Rb8 23. Qc2 Rc8 24. Qb3 Rb8 25. Qc2 Rc8 26. Qb3 1/2-1/2

[Event "Oberhausener SV 1 - SF Gerresheim 1"]
[Site "Oberliga NRW 2017/2018"]
[Date "2018.04.08"]
[Round "8.7"]
[White "Selten, Jan"]
[Black "Voge, Andreas"]
[Result "1/2-1/2"]
[WhiteElo "2078"]
[BlackElo "2043"]
[PlyCount "43"]
[EventDate "2018.??.??"]
[WhiteTeam "SF Gerresheim 1"]
[BlackTeam "Oberhausener SV 1"]

1. e4 c5 2. Nf3 d6 3. Bb5+ Nd7 4. O-O Ngf6 5. Re1 a6 6. Bxd7+ Bxd7 7. c3 Bc6 8.
e5 dxe5 9. Nxe5 Qc7 10. d4 e6 11. Bf4 Qb6 12. Nd2 cxd4 13. Ndc4 Qb5 14. cxd4
Be7 15. a4 Qd5 16. Ne3 Qd8 17. Nxc6 bxc6 18. Rc1 Rc8 19. Qd3 O-O 20. Red1 a5
21. Qa6 Nd5 22. Nxd5 1/2-1/2

[Event "Oberhausener SV 1 - SF Gerresheim 1"]
[Site "Oberliga NRW 2017/2018"]
[Date "2018.04.08"]
[Round "8.8"]
[White "Groß, Thomas"]
[Black "Sponheim, Marko"]
[Result "1-0"]
[WhiteElo "2006"]
[BlackElo "2043"]
[PlyCount "65"]
[EventDate "2018.??.??"]
[WhiteTeam "Oberhausener SV 1"]
[BlackTeam "SF Gerresheim 1"]

1. Nf3 c5 2. c4 Nf6 3. g3 Nc6 4. Bg2 d5 5. cxd5 Nxd5 6. d4 e6 7. O-O b6 8. e4
Nc7 9. d5 exd5 10. exd5 Nxd5 11. Re1+ Be7 12. Ne5 Nd4 13. Nc6 Nxc6 14. Bxd5 Bb7
15. Qf3 Qd6 16. Qxf7+ Kd8 17. Bf4 Qf6 18. Qxf6 Bxf6 19. Nc3 Re8 20. Nb5 Kd7 21.
Nd6 Rxe1+ 22. Rxe1 Ba6 23. Be6+ Kd8 24. Nf7+ Ke8 25. Bc4+ Kf8 26. Bxa6 Kxf7 27.
Bb7 Rd8 28. Bxc6 Bxb2 29. Bg5 Rd6 30. Be8+ Kg8 31. Bb5 h6 32. Bf4 Rd8 33. Re8+
1-0

[Event "SF Essen-Katernberg  1 - SV Dinslaken 1"]
[Site "Oberliga NRW 2017/2018"]
[Date "2018.04.08"]
[Round "8.1"]
[White "Sielecki, Christof"]
[Black "Tomic, Bosko"]
[Result "1-0"]
[WhiteElo "2387"]
[BlackElo "2355"]
[PlyCount "77"]
[EventDate "2018.??.??"]
[WhiteTeam "SV Dinslaken 1"]
[BlackTeam "SF Essen-Katernberg  1"]

1. Nf3 Nf6 2. c4 g6 3. Nc3 Bg7 4. e4 O-O 5. d4 c5 6. Be2 cxd4 7. Nxd4 Nc6 8.
Be3 d6 9. O-O Bd7 10. h3 Nxd4 11. Bxd4 Bc6 12. Qc2 a5 13. Rad1 Nd7 14. Bxg7
Kxg7 15. Bg4 Nf6 16. e5 Nxg4 17. hxg4 Qc8 18. Qe2 Re8 19. Nd5 Bxd5 20. Rxd5 Ra6
21. Re1 dxe5 22. Qxe5+ Kg8 23. Qd4 Re6 24. Rxe6 Qxe6 25. Re5 Qa6 26. b3 e6 27.
Qd7 Qa8 28. Qc7 Rd8 29. Rxa5 Rd1+ 30. Kh2 Qf8 31. g5 h6 32. f4 hxg5 33. fxg5
Re1 34. Rb5 Qg7 35. Qb8+ Kh7 36. Rxb7 Re4 37. Qc7 Kg8 38. Qd8+ Kh7 39. Qf6 1-0

[Event "SF Essen-Katernberg  1 - SV Dinslaken 1"]
[Site "Oberliga NRW 2017/2018"]
[Date "2018.04.08"]
[Round "8.2"]
[White "Rosen, Bernd"]
[Black "Tereick, Benjamin"]
[Result "1/2-1/2"]
[WhiteElo "2245"]
[BlackElo "2335"]
[Annotator "Daniel"]
[PlyCount "82"]
[EventDate "2018.??.??"]
[WhiteTeam "SF Essen-Katernberg  1"]
[BlackTeam "SV Dinslaken 1"]

1. c4 e6 2. g3 d5 3. cxd5 exd5 4. Bg2 Nf6 5. Nf3 Be7 6. O-O O-O 7. d3 c5 8. Bf4
Nc6 9. Ne5 Nxe5 10. Bxe5 Be6 11. Nc3 d4 12. Bxf6 Bxf6 13. Ne4 Be7 14. Qa4 a6
15. Rfd1 b5 16. Qc2 Rc8 17. a4 Qb6 18. axb5 axb5 19. Qd2 f5 20. Ng5 Bxg5 21.
Qxg5 c4 22. Qe7 c3 23. b4 Rf7 24. Qg5 Qd6 25. Rdb1 Rfc7 26. Qf4 Qxf4 27. gxf4
c2 28. Rc1 Rc3 29. Ra8 Rxa8 30. Bxa8 Kf8 31. Kf1 Ke7 32. Ke1 Bb3 33. Kd2 Rc8
34. Bf3 Rd8 35. Rg1 Kf6 36. Kc1 Ba4 37. Kd2 $11 Rd6 38. h4 Rd7 39. h5 Rc7 40.
Bd5 Rc8 41. Ba2 Rd8 1/2-1/2

[Event "SF Essen-Katernberg  1 - SV Dinslaken 1"]
[Site "Oberliga NRW 2017/2018"]
[Date "2018.04.08"]
[Round "8.3"]
[White "Stomberg, Thomas"]
[Black "Wessendorf, Thomas"]
[Result "1-0"]
[WhiteElo "2352"]
[BlackElo "2172"]
[Annotator "Daniel"]
[PlyCount "123"]
[EventDate "2018.??.??"]
[WhiteTeam "SV Dinslaken 1"]
[BlackTeam "SF Essen-Katernberg  1"]

1. Nf3 Nf6 2. c4 g6 3. g3 Bg7 4. Bg2 O-O 5. d4 d6 6. O-O Nc6 7. Nc3 Bg4 8. d5
Na5 9. Nd2 c5 10. h3 Bd7 11. Qc2 Rb8 12. b3 Qc8 13. Kh2 b5 14. cxb5 Bxb5 15.
Rb1 Ba6 16. Re1 e6 17. e4 Re8 18. dxe6 Rxe6 19. Nf3 Nc6 20. Ng5 Nd4 21. Qd1 Re8
22. Bf4 Qd8 23. Rc1 Rb4 24. Nf3 Bb7 25. Qd3 h6 26. Nxd4 Rxd4 27. Qc2 a6 28. Be3
Rb4 29. a3 Rb6 30. b4 Rc6 31. bxc5 dxc5 32. Rb1 Qc8 33. Nd5 Rce6 34. Nxf6+ Rxf6
35. Rxb7 Qxb7 36. e5 Rc6 37. Qa4 Rec8 38. Bxc5 Qd7 39. Bxc6 Rxc6 40. Bd4 Qd5
41. Qd1 h5 42. h4 Bf8 43. Bb2 $11 Qxd1 44. Rxd1 Rc2 45. Bd4 Ra2 46. Rc1 Rd2 47.
Be3 Rd5 48. Rc8 Kg7 $11 49. a4 Bb4 50. Kg2 Ra5 51. Kf3 Be7 52. Re8 Bc5 53. Bg5
f5 54. exf6+ Kf7 55. Rc8 Bd4 56. Rc7+ Ke6 57. Re7+ Kd6 58. Bf4+ Kc6 59. f7 Rf5
60. Ke4 Bc5 61. Re6+ Kb7 62. Re5 1-0